000 00570nam a2200181 a 4500
001 000029729
005 20200930055748.0
008 110425s1975 mx ac 000 0 spa d
040 _aDO-SdBNP
_bspa
_cBNPHU
100 1 _aFraley, James
_956515
245 1 0 _aPista y campo :
_bguía del joven deportista /
_cJames Fraley ; traductor Alberto Rumschisky.
250 _a2a ed.
260 _aMexíco :
_bPax-México,
_c1975.
300 _a131 p. :
_bil., retr.
500 _aIncluye índice Alfabético
500 _aTraducido del idioma ingles
700 1 _aRumschisky
_956516
999 _c29221
_d29221